000
00281nam a22001217a 4500
008
170228b xxu||||| |||| 00| 0 eng d
041
_a
eng
080
_a
61
100
_a
3
101
_a
SHM
245
_a
THE CIBA COLLECTION OF MEDICAL ILLUSTRATIONS
_c
NETTER, F.H
942
_2
udc
_c
BK
999
_c
6382
_d
6382